Ações afirmativas, eficiência e justiça (Record no. 137914)

MARC details
000 -LÍDER
campo de controle de tamanho fixo 00576 a2200181 4500
001 - NÚMERO DE CONTROLE
campo de controle 137914
020 ## - ISBN - INTERNATIONAL STANDARD BOOK NUMBER
ISBN - International Standard Book Number 9788584403271
040 ## - FONTE DA CATALOGAÇÃO
Instituição que transcreveu o registro Leonardo Da Vinci
041 ## - CÓDIGO DE IDIOMA
Código do idioma do texto/trilha sonora ou título diferente Português
082 ## - CDD - CLASSIFICAÇÃO DECIMAL DE DEWEY
Número de Classificação 379.260981 I22a
Número do exemplar I22a
100 ## - ENTRADA PRINCIPAL--NOME PESSOAL
Nome pessoal IENSUE, Geziela
245 ## - TÍTULO
Título Ações afirmativas, eficiência e justiça
Restante do título análise da legitimidade a partir do desenvolvimento como<br/>liberdade
260 ## - PUBLICAÇÃO, DISTRIBUIÇÃO, ETC.
Nome do editor, distribuidor, etc. Lumen Juris
Data da publicação, distribuição, etc. 2016
Local de publicação, distribuição, etc. Rio de Janeiro
300 ## - DESCRIÇÃO FÍSICA
Extensão 584
362 ## - DATAS DE PUBLICAÇÃO E/OU DESIGNAÇÃO SEQUENCIAL
Datas de publicação e/ou designação sequencial 20160000
697 ## - ENTRADA DE ASSUNTO LOCAL--ENTIDADE COLETIVA (RLIN)
Nome corporativo ou nome da jurisdição Desigualdade racial
-- Negros - Educação
-- Políticas públicas
-- Ensino superior
942 ## - ELEMENTOS DE ENTRADA ADICIONADOS (KOHA)
Tipo de material Koha Livros
Holdings
Situação do descarte Situação das perdas Situação física Não pode ser emprestado Biblioteca de origem Biblioteca atual Data de aquisição Total de empréstimos Número de chamada completo Código de barras Data de último acesso Data do preço efetivo Tipo de material Koha
        Leonardo Da Vinci - Osasco Leonardo Da Vinci - Osasco 27/03/2024   379.260981 I22a O017809 27/03/2024 27/03/2024 Livros
        Leonardo Da Vinci - Osasco Leonardo Da Vinci - Osasco 27/03/2024   379.260981 I22a O017810 27/03/2024 27/03/2024 Livros